| 000 | 00613 a2200181 4500 | ||
|---|---|---|---|
| 003 | Nust | ||
| 005 | 20170207153150.0 | ||
| 020 | _a8185623465 | ||
| 040 | _cNust | ||
| 082 | _a005.42 | ||
| 100 | _a Livingston ,Brian | ||
| 245 |
_aWindows 3 Secrets _cBrian Livingston |
||
| 260 |
_aNew Delhi _bGalgotia Pub |
||
| 300 |
_a1992 _b832:p |
||
| 505 | _aRead The First (Page-1), Customizing Your Windows Start-UP (Page-13), Secrets of the Windows Applets (Page-59), Secrets of the Windows Applications (Page-93), Secrets of DOS Under Windows (Page-137) | ||
| 538 | _aAlmirah No 7, Shelf No 3 | ||
| 650 | _aWindows 3 Secrets | ||
| 942 |
_2ddc _cBK |
||
| 999 |
_c180509 _d180509 |
||